Определение теплофизических свойств строительных материалов; Теплофизические основы энергетических технологий

מידע ביבליוגרפי
Parent link:Теплофизические основы энергетических технологий.— 2013.— [С. 87-90]
מחבר ראשי: Захваткин А. В.
מחבר תאגידי: Национальный исследовательский Томский политехнический университет (ТПУ) Энергетический институт (ЭНИН) Кафедра теоретической и промышленной теплотехники (ТПТ)
מחברים אחרים: Логинов В. С. Владимир Степанович, Милютин В. Г.
סיכום:Заглавие с экрана
שפה:רוסית
יצא לאור: 2013
סדרה:Техническая теплофизика и атомная энергетика
נושאים:
גישה מקוונת:http://earchive.tpu.ru/handle/11683/70203
http://www.lib.tpu.ru/fulltext/c/2013/C02/020.pdf
פורמט: אלקטרוני Book Chapter
KOHA link:https://koha.lib.tpu.ru/cgi-bin/koha/opac-detail.pl?biblionumber=607782

MARC

LEADER 00000naa2a2200000 4500
001 607782
005 20260312145348.0
035 |a (RuTPU)RU\TPU\conf\5188 
035 |a RU\TPU\conf\5186 
090 |a 607782 
100 |a 20140901d2013 k y0rusy50 ca 
101 0 |a rus 
102 |a RU 
135 |a drcn ---uucaa 
181 0 |a i  
182 0 |a b 
200 1 |a Определение теплофизических свойств строительных материалов  |f А. В. Захваткин, В. С. Логинов, В. Г. Милютин 
203 |a Текст  |c электронный 
215 |a 1 файл (666 Кб) 
225 1 |a Техническая теплофизика и атомная энергетика 
300 |a Заглавие с экрана 
320 |a [Библиогр.: с. 90 (3 назв.)] 
337 |a Adobe Reader 
463 1 |0 (RuTPU)RU\TPU\conf\4555  |t Теплофизические основы энергетических технологий  |o сборник научных трудов IV Всероссийской научно-практической конференции с международным участием, 10-12 октября 2013 г., Томск  |f Национальный исследовательский Томский политехнический университет (ТПУ), Энергетический институт (ЭНИН) ; под ред. Кузнецова [и др.]  |v [С. 87-90]  |d 2013 
610 1 |a электронный ресурс 
610 1 |a труды учёных ТПУ 
610 1 |a теплофизические свойства 
610 1 |a строительные материалы 
610 1 |a тепловая энергия 
610 1 |a температуропроводность 
700 1 |a Захваткин  |b А. В. 
701 1 |a Логинов  |b В. С.  |c специалист в области теплотехники  |c профессор Томского политехнического университета, доктор физико-математических наук  |f 1942-  |g Владимир Степанович  |3 (RuTPU)RU\TPU\pers\22705 
701 1 |a Милютин  |b В. Г. 
712 0 2 |a Национальный исследовательский Томский политехнический университет (ТПУ)  |b Энергетический институт (ЭНИН)  |b Кафедра теоретической и промышленной теплотехники (ТПТ)  |3 (RuTPU)RU\TPU\col\18679 
801 1 |a RU  |b 63413507  |c 20101016 
801 2 |a RU  |b 63413507  |c 20220321  |g RCR 
856 4 |u http://earchive.tpu.ru/handle/11683/70203 
856 4 |u http://www.lib.tpu.ru/fulltext/c/2013/C02/020.pdf 
942 |c BK